Guess The Song By The Lyrics 3 - Statistics

General Stats
  • This quiz has been taken 11 times
  • The average score is 3 of 30
Answer Stats
Lyrics Song Artist % Correct
Close your eyes and let the world paint a thousand picturesOne good girl is worth a thousand bitches Bound 2 Kanye
71%
She take my money, when I'm in needYeah, she's a trifling, friend indeed Gold Digger Jamie Foxx
71%
OT OT, there's never much love when we go OT One Dance Drake
57%
I don't smoke skunk, but tonight im getting stuck nigger Bandit Juice WRLD
14%
Sniper Gang I put a nigga on a carton, I'm the shit I'm fartin Drowning Kodak Black
14%
I was seeing double in the projects, mad at myself when I put it to the side family ties Baby Keem
14%
Beautiful morning, you're the sun of my mornin babe Father Stretch My Hands Kid Cudi
14%
Drinking every night because we drink to my accomplishments Headlines Drake
14%
Cartier eye, walk in this bitch with a suit and no tie Hot Gunna
14%
These days all I do isWonder if you bending over backwards for someone else Hotline Bling Drake
14%
Baby I don't wanna sound righteous, I got 20 bitches sucking like bisons I KNOW ? Travis Scott
14%
I brag hardly, but just to show up at this party I made what yo nigga make in one year Work Out J. Cole
14%
I decided I had to finish, But the media call me a menace All My Life Lil Durk
0%
I got my K from Osama Bin Laden, Lil nigga he signed this shit cant leave without it 21 Savage
0%
She got right with that winner, fuck that loser Do What I Want Lil Uzi Vert
0%
Never send a threat on the internet just to prove a pointThat dissin', don't get into that, we leavin' that to the informants Final Warning NLE Choppa
0%
Big as the what? Big as the what? First Person Shooter Drake
0%
Change my name to The Kid, that's a baby goatKeep a drac' like I started up OVO Hats Off Lil Baby
0%
And when you popped off on your ex, he deserved it In My Feelings Drake
0%
Double back twice in the road, 3Three, 3ThreeBitch, it's pains all in my home, first street Kacey Talk NBA Youngboy
0%
Im Mr. Body catcher, Slaughter gang soul snatcher Knife Talk 21 Savage
0%
Long as you come through, I'm gonna make you cum over and over late at night Roddy Richh
0%
I got hoes by the group tryna do me my life like a movie get head in the water Low Down Lil Baby
0%
Playin' hide and go seek in the mansion with my lil' girl One Scale Young Dolph
0%
Baby, prolly in a fast car, ridin wit the cap off, pull off with a bad broad Red Light Green Light DaBaby
0%
I was missing in action like Crisean tooth Shotta Flow 7 NLE Choppa
0%
Bitch got a Backwood on her nightstandShe must be fuckin' with Gunna Ski Young Thug
0%
You know Lil Ced thats my nigga I made him a millionaire, fuck it we all rich Sum 2 Prove Lil Baby
0%
Show me the way cuz I got bills to pay Sweet Yamz Fetty Wap
0%
Young money records, the army the navy, they ran me 10,000, I threw it like Brady Yes Indeed Drake
0%
No matching quizzes found
Score Distribution
Percent of People with Each Score
Percentile by Number Answered
Your Score History
You have not taken this quiz